000 00460nam a2200157 i 4500
001 30683
003 ES-MaACL
007 t|
008 030127s1953 sp ||||1| spa d
100 1 _aBates, H. E.
_926413
245 1 0 _aMi amada Lydia /
_cH.E. Bates ; [versión española de Antonio Ribera].
260 _aBarcelona :
_bExito,
_c[1953] (
_fDuplex)
300 _a304 p. ;
_c20 cm.
700 1 _aRibera, Antonio.
_996769
852 _aES-MaACL
_jC-6801
_bR.35643
999 _c30683
_d30683